000 00564cam a2200145 4500500
005 20260208002339.0
041 _afre
042 _adc
100 1 0 _aBerliner, David
_eauthor
245 0 0 _aRichard Allan Shweder, éd. Why Do Men Barbecue? Recipes for Cultural Psychology. Cambridge, Harvard University Press, 2003, 419 p., bibl., index, ill., fig.
260 _c2005.
500 _a68
786 0 _nL'Homme | 174 | 2 | 2005-06-01 | p. 277b-329b | 0439-4216
856 4 1 _uhttps://shs.cairn.info/revue-l-homme-2005-2-page-277b?lang=fr&redirect-ssocas=7080
999 _c1645947
_d1645947